| 000 | 00812nam a2200217Ia 4500 | ||
|---|---|---|---|
| 003 | 0 | ||
| 005 | 20250130160040.0 | ||
| 008 | 150126s9999 xx 000 0 und d | ||
| 050 |
_aPGS LB 2806.6 _b.C961 2014 |
||
| 100 | _aCu, Akisha Julianne L. | ||
| 245 | 4 |
_aThe perceptions in the implementation of the K to 12 program in the Philippines / _cAkisha Julianne L. Cu. |
|
| 260 |
_aLas PiƱas City, Philippines : _bSouthville International School and Colleges, _c2014. |
||
| 300 |
_a65 p. : _bill. ; _c28 cm. |
||
| 504 | _aIncludes bibliographical references. | ||
| 650 |
_aEducation _zPhilippines. |
||
| 650 |
_aEducation reform _zPhilippines. |
||
| 650 | _aK to 12 Curriculum (Philippines). | ||
| 650 |
_aEducational change _zPhilippines. |
||
| 650 |
_aCurriculum change _zPhilippines. |
||
| 942 |
_2lcc _cPASS |
||
| 999 |
_c278571 _d278571 |
||